000 00653nam a2200241Ia 4500
003 OSt
005 20221007081020.0
006 a|||||r|||| 00| 0
007 ta
008 221006b |||||||| |||| 00| 0 eng d
024 _a26,505
037 _cTextual
040 _aFLL
_cFLL
_beng
041 _2eng
_aeng
082 _aZ73:9298y7, J2
100 _aMcFarland Carl
_9117773
245 0 _aCases and materials on administrative law
250 _a2nd
260 _aNew York
_bMatthew Bender & Company New
_c1952
300 _axvi,1-873p
_ccm.
942 _hZ73:9298y7, J2
_cTEXL
_2CC
999 _c1161681
_d1161681